Degree of competition and export-production relative prices when the exchange rate changes: Evidence from a panel of Czech exporting companies

Guardado en:
Detalles Bibliográficos
Autor principal: Podpiera, Jiří
Otros Autores: Raková, Marie
Formato: Libro
Lenguaje:inglés
Publicado: Praha Czech National Bank 2006
Colección:Working paper series 10/2006
Materias:
Etiquetas: Agregar Etiqueta
Sin Etiquetas, Sea el primero en etiquetar este registro!

MARC

LEADER 00000nam$a2200000$$$4500
001 0055580
005 20240503084917.8
041 0 |a eng 
044 |a CZ 
245 1 0 |a Degree of competition and export-production relative prices when the exchange rate changes: Evidence from a panel of Czech exporting companies  |c Jiří Podpiera, Marie Raková 
264 1 |a Praha  |b Czech National Bank  |c 2006 
300 |a 19 s. 
490 1 |a Working paper series  |v 10/2006 
830 0 |a Working paper series  |v 10/2006 
610 2 0 |a kurz devízový 
610 2 0 |a konkurencia 
610 2 0 |a vývoz 
610 2 0 |a ceny 
610 2 0 |a modely 
610 2 0 |a modelovanie ekonometrické 
610 2 0 |a 2006 
100 1 |a Podpiera, Jiří 
700 1 |a Raková, Marie